000 01370nam a2200301 4500
003 EG-GICUC
005 20260121101238.0
008 251118s2005 ua ||||fr|||| 00| 0 ara d
040 _a EG-GICUC
_bara
_c EG-GICUC
_d EG-GICUC
_erda
041 0 _aara
082 0 4 _221
_a341.851
_bم ن . ا
092 0 4 _221
099 _aLaw1 12 341.851 م ن . ا 2005
100 0 _aمنير عبدالمجيد
_eمؤلف.
245 1 2 _aالاسس العامه للتحكيم الدولى والداخلى :
_b فى القانون الخاص في ضوء الفقه وقضاء التحكيم /
_cمنير عبدالمجيد.
264 _a الاسكندرية :
_bمكتبة الاسكندرية،
_c2005.
300 _a480 ؛صفحة
_c24 سم.
_bإيضاحيات، صور، مثيليات ؛
336 _2rda content
_atext
337 _2rda media
_aComputer
338 _2rda carrier
_aOnline Resource
504 _aيحتوي على اراجاعات ببليوجرافية يحتوي على قائمة بالمراجع.
546 _aالنص أغلبه باللغة العربية بعض النصوص الإنجليزية والفرنسية
650 1 _aالتحكيم الدولي.
_xالقانون الدولي الخاص.
_2qrmak
651 1 _2qrmak
856 4 0 _uhttps://fll.law.cu.edu.eg/fulltext/bks/B12-01441.pdf
905 _a75
_eYara
942 _2ddc
_n0
_cBK
_e21
999 _c44144
_d44144